000 00537nam a2200217Ia 4500
005 20241216011138.0
008 190212s9999||||xx |||||||||||||| ||und||
082 _a657
_bC285
100 _aCULTURAL S.A.
245 0 _aCONTABILIDAD GENERAL III
250 _a0
260 _c199
300 _a0 pag
_c0 cm
341 _h0
490 _v0
_a0
505 _aBALANCE/PERDIDAS/GANANCIAS/MEMORIA/GASTOS/FONDOS PROPIOS
541 _d13-May-04
_oSoles
650 _aCIENCIAS APLICADAS
856 _zCiencias Aplicadas
942 _cLIBRO
999 _c33890
_d33890